000 00547nam a2200133Ia 4500
008 200928s9999 xx 000 0 und d
020 _a978-971-9654-68-1
100 _aVelasco, Evelyn O.
245 _cEvelyn O. Velasco, Daryl A. Javier, Enrique Perez.--
_aBasic Understanding to hospitality and tourism marketing with IMC /
260 _aManila :
_bUnlimited Books Library Services & Publishing Inc.
_c2017
300 _aviii , 134 pages :
_billustrations ;
_c23 cm.
650 _aHospitality industry -- marketing
650 _aTourism -- marketing
999 _c364523
_d364523